01122cam a22003011 4500001001300000003000400013005001700017008004100034010001700075035001900092040002100111042001200132050002000144100003300164245004600197250003900243260004300282300004400325490005900369500009100428500007400519500009000593504003000683650001000713650002800723810005200751999001700803s 13000157 DLC20260227111911.0751015s1893 xx 000 0 eng  as 13000157  a(OCoLC)1704356 aDLCcOKentUdDLC apremarc00aQ11b.U6 no. 431 aAllen, Harrison,d1841-1897.12aA monograph of the bats of North America. a[New ed.]bBy Harrison Allen, M.D. aWashington,bGovt. print. off.,c1893. aix, 198 p.billus., xxxviii pl.c25 cm.1 aBulletin of the United States National museum.vno. 43 aAt head of title: Smithsonian institution. United States National museum. Bulletin 43. aSome of the plates are preceded by leaf with descriptive letterpress. aFirst edition, 1864, published in Smithsonian miscellaneous collections, v.7, art. I. aBibliography: p. 183-193. 0aBats. 0aMammalszNorth America.2 aUnited States National Museum.tBulletin ;v43. c52684d52684